000 00710nam a2200229Ia 4500
003 OSt
005 20220925230928.0
006 a|||||r|||| 00| 0
007 ta
008 220923b |||||||| |||| 00| 0 eng d
037 _cGeneral Book
040 _aRTL
_cRTL
_beng
041 _2eng
_aeng
082 _aXM.252.N68-N67s, K9
110 _aUTTAR PRADESH, COOPERATIVE (Deptt. of-)
_9294582
245 0 _aCooperative movement in UP
_b important statistics 1967-68
260 _aLucknow
_bCooperative Deptt.
_c1969
300 _a35p
_ccm.
700 _aUTTAR PRADESH, COOPERATIVE (Deptt. of-)
_9294583
942 _hXM.252.N68-N67s, K9
_cGB
_2CC
999 _c586851
_d586851